Сватби на животни и неща (Запис номер 177910)
[ съкратено ]
| 000 -Лидер | |
|---|---|
| Контролно поле с фиксирана дължина | 01646nam a2200373 c 4500 |
| 003 - Код на организацията, давaща контролен номер | |
| Контролно поле | BLK |
| 005 - Дата и час на последна редакция | |
| Контролно поле | 20240808130524.0 |
| 008 - Елементи от данни с фиксирана дължина | |
| fixed length control field | 180411b bul|||||r ||||||| ||bul|| |
| 010 ## - Наследен системен номер | |
| LC control number | KNG00186607000 |
| 020 ## - Международен стандартен номер на книга ISBN | |
| Международен стандартен номер на книга ISBN | 978-619-186-161-3 |
| -- | издат.: Жанет 45 |
| 040 ## - Източник на каталожния запис | |
| Идентификатор на билиотеката - собственик на записа | BLK |
| 041 ## - Код за език | |
| Код за езика на текст/звукозапис или на отделно заглавие | Български |
| Код за езика КДБФ | Български |
| 072 #7 - Код за тематичната категория | |
| Код организация | bullib |
| Код за тематична категория | Н85 |
| Текст | Детска художествена литература Н |
| 080 ## - УДК | |
| Текстов определител УДК | Българска литература |
| УДК код - определител по УДК | 821.163.2 |
| УДК определител | -93-34 |
| УДК - код + определител | 821.163.2-93-34 |
| 139 ## - Редно поле | |
| Редна дума | Господинова, Рая Георгиева и др. |
| Авторски знак | Гос - Г 70 |
| 245 10 - Сведения за заглавието | |
| Заглавие | Сватби на животни и неща |
| Редно поле (дума) | текст и ил. Рая Георгиева Господинова; текст и ил. Георги Господинов; * Георги Господинов Георгиев. |
| 257 ## - Страна на издаване | |
| Страна на създаване/издаване | България |
| 260 ## - Област на издателските данни | |
| -- | Пловдив |
| Име на издателя, разпространителя и проч. | Жанет 45 |
| Година на издаване | 2015 |
| 300 ## - Физическа характеристика | |
| Страници | 44 с. |
| Илюстрации и др. | с цв. ил. |
| Размери/Мащаб | 27 см |
| 380 ## - Жанр | |
| Жанр | Детска худож. лит. |
| 653 ## - Ключова дума – ненормативна | |
| Ключова дума | приказки |
| 653 ## - Ключова дума – ненормативна | |
| Ключова дума | литература за деца |
| 653 ## - Ключова дума – ненормативна | |
| Ключова дума | детска литература |
| 659 ## - Тематичен бюлетин | |
| Тематичен бюлетин | Н |
| 700 1# - Други автори (авторска отговорност) | |
| Лично име | Господинова, Рая Георгиева |
| Автороска отговорност (Описва отношението между автора и произведението) | текст и ил. |
| 9 (RLIN) | 341196 |
| 700 1# - Други автори (авторска отговорност) | |
| Лично име | Господинов, Георги |
| Автороска отговорност (Описва отношението между автора и произведението) | текст и ил. |
| Друга информация | Георгиев, Георги Господинов |
| 9 (RLIN) | 364800 |
| 700 1# - Други автори (авторска отговорност) | |
| Лично име | Георгиев, Георги Господинов |
| Автороска отговорност (Описва отношението между автора и произведението) | * |
| 9 (RLIN) | 299747 |
| 852 ## - Местоположение | |
| Форматна сигнатура | Цб ІІ 21201 |
| 856 4# - Електронен адрес и достъп | |
| Електронен формат | pdf - файл |
| Път до файла /url/ | |
| 856 4# - Електронен адрес и достъп | |
| Електронен формат | pdf - файл |
| Път до файла /url/ | |
| 942 ## - АРТИКУЛИ | |
| Вид на библиотечния материал | Книги |
| Скрит в OPAC | Не |
| Koha issues (borrowed), all copies | 17 |
| 944 ## - СЪЗДАВАНЕ И РЕДАКЦИЯ на ЗАПИСА | |
| Създаване/Редакция | Създаване |
| Дата на регистрацията/редакция | 19.02.2016 |
| Статус, дата на статуса | Грета Цуфелде |
| Служител, извършил регистрацията/редакцията | 30537 |
| 944 ## - СЪЗДАВАНЕ И РЕДАКЦИЯ на ЗАПИСА | |
| Създаване/Редакция | Редакция |
| Дата на регистрацията/редакция | 18.05.2016 |
| Статус, дата на статуса | ф / |
| Служител, извършил регистрацията/редакцията | Виолета_Тройчева |
| 999 ## - СИСТЕМНИ КОНТРОЛНИ НОМЕРА | |
| Koha biblionumber | 177910 |
| Koha biblioitemnumber | 177910 |
| Код за отписване | Код за изгубен артикул | Код за повреда | Коз за рестрикции | Код за отдаване | Артикулен № | Име на библиотеката - собственик | Име на библиотеката, в която се намира в момента | Статус (Текущо местоположение) | Дата на вписване в системата | Местоположение - отдел | Цена в лева | Инвентарен номер | Систематично азбучна сигнатура | Баркод | Номер на екземпляра | Цена в евро | Служебна бележка | Служебен тип на артикула | Източник на класификационната схема |
|---|---|---|---|---|---|---|---|---|---|---|---|---|---|---|---|---|---|---|---|
| Не е изгубен | Не е повреден | без рестрикции | заемане за дома | 305655 | Регионална библиотека "Любен Каравелов" Русе | Регионална библиотека "Любен Каравелов" Русе | Детски отдел | 2016-02-19 | Детски отдел | 9.00 | 120000798098 | ДХ 886.7/Г 70 | 120000798098 | 1 | 4.60 | Дост: Pk Вид: Ф N: 456 Дата: 19.02.2016 | Книги | ||
| Не е изгубен | Не е повреден | без рестрикции | ползва се в читалня | 305656 | Регионална библиотека "Любен Каравелов" Русе | Регионална библиотека "Любен Каравелов" Русе | Хранилище | 2016-05-17 | Хранилище | 9.00 | 120000800167 | Цб ІІ 21201 | 120000800167 | 2 | 4.60 | Дост: Dp Вид: Д N: 14 Дата: 18.03.2016 | Книги | ||
| Не е изгубен | Не е повреден | без рестрикции | заемане за дома | 685250 | Регионална библиотека "Любен Каравелов" Русе | Регионална библиотека "Любен Каравелов" Русе | Детски отдел | 2018-12-11 | Детски отдел | 9.00 | 120000826711 | 120000826711 | 4.60 | Книги | Universal Decimal Classification | ||||
| Не е изгубен | Не е повреден | без рестрикции | заемане за дома | 685251 | Регионална библиотека "Любен Каравелов" Русе | Регионална библиотека "Любен Каравелов" Русе | Детски отдел | 2018-12-11 | Детски отдел | 9.00 | 120000826710 | ДХ 886.7/Г 70 | 120000826710 | 4.60 | Книги | Universal Decimal Classification |